RNA and the regulation of gene expression : A hidden layer of complexity
Evidence has been piling up that small RNAs are able to control gene expression by directed control of epigenetic modifications at particular genomic loci. Biological scientists from the anglophone world, France, and Japan review research findings into the RNA regulation of gene expression, an ackno...
Wedi'i Gadw mewn:
| Fformat: | Llyfr |
|---|---|
| Iaith: | Undetermined |
| Cyhoeddwyd: |
Norfolk, U.K.
Caister Academic Press
2008
|
| Pynciau: | |
| Tagiau: |
Ychwanegu Tag
Dim Tagiau, Byddwch y cyntaf i dagio'r cofnod hwn!
|
| Thư viện lưu trữ: | Trung tâm Học liệu Trường Đại học Cần Thơ |
|---|
| LEADER | 00904nam a2200193Ia 4500 | ||
|---|---|---|---|
| 001 | CTU_191914 | ||
| 008 | 210402s9999 xx 000 0 und d | ||
| 082 | |a 572.865 | ||
| 082 | |b R628 | ||
| 245 | 0 | |a RNA and the regulation of gene expression : | |
| 245 | 2 | |b A hidden layer of complexity | |
| 245 | 0 | |c Edited by Kevin V. Morris | |
| 260 | |a Norfolk, U.K. | ||
| 260 | |b Caister Academic Press | ||
| 260 | |c 2008 | ||
| 520 | |a Evidence has been piling up that small RNAs are able to control gene expression by directed control of epigenetic modifications at particular genomic loci. Biological scientists from the anglophone world, France, and Japan review research findings into the RNA regulation of gene expression, an acknowledgment and understanding | ||
| 650 | |a RNA,Genetic regulation,Điều chỉnh di truyền | ||
| 910 | |a Hải | ||
| 980 | |a Trung tâm Học liệu Trường Đại học Cần Thơ | ||